LEADER 01009nam0-22003011i-450- 001 990007496650403321 005 20050727090204.0 035 $a000749665 035 $aFED01000749665 035 $a(Aleph)000749665FED01 035 $a000749665 100 $a20030814d1948----km-y0itay50------ba 101 0 $aita 102 $aIT 200 1 $aAvviamento allo studio della Geografia economica e politica$esussidii bibliografici fondamentali per la conoscenza delle fonti geo-cartografiche moderne$fLuigi Filippo De Magistris 205 $a2. ed. 210 $aMilano$cIst. Cisalpino$d1948 215 $aVIII, 121 p.$d22 cm 610 0 $aCartografia$aDizionari 610 0 $aGeografia$aDizionari 700 1$aDe Magistris,$bLuigi Filippo$f<1872-1950>$0129403 801 0$aIT$bUNINA$gRICA$2UNIMARC 901 $aBK 912 $a990007496650403321 952 $aC-01-086$bIst. 04099$fILFGE 959 $aILFGE 996 $aAvviamento allo studio della Geografia economica e politica$9675997 997 $aUNINA LEADER 01097nam a2200313 i 4500 001 991000709519707536 005 20020507172554.0 008 940226s1987 us ||| | eng 020 $a0817633545 035 $ab10746328-39ule_inst 035 $aLE01301061$9ExL 040 $aDip.to Matematica$beng 082 0 $a515.7246 084 $aAMS 81C (1985) 084 $aLC QA329.2.R63 100 1 $aRobert, Didier$0350119 245 10$aAutour de l'approximation semi-classique /$cDidier Robert 260 $aBoston :$bBirkhäuser,$c1987 300 $aix, 328 p. ;$c24 cm 490 0 $aProgress in mathematics [Birkhauser],$xISSN 0743-1643;$v68 500 $aBibliography: p. [317]-328 650 4$aQuantum theory 650 4$aSelfadjoint operators 907 $a.b10746328$b23-02-17$c28-06-02 912 $a991000709519707536 945 $aLE013 81C ROB11 (1987)$g1$i2013000123486$lle013$o-$pE0.00$q-$rl$s- $t0$u1$v0$w1$x0$y.i10838612$z28-06-02 996 $aAutour de l'approximation semi-classique$9384906 997 $aUNISALENTO 998 $ale013$b01-01-94$cm$da $e-$feng$gus $h0$i1